• 首页
  • 本馆介绍
  • 公告通知
  • 最新文献
  • 馆藏检索
  • 电子资源
  • 读者导购
  • 参考咨询
  • 我的图书馆
  • 登录
  • 详细信息显示
  • 放入我的书架
  • 预约/预借图书
  • 作者相关作品
  • 分类相关作品
  • 丛书相关作品
  • 出版社相关作品

书目信息

  • 表格格式
  • 工作单格式
  • 卡片格式
题名:
货运检查员
    
 
作者: ;铁道部 组织编写
分册:  
出版信息: 北京   中国铁道出版社  2007.06
页数: 166页
开本: 19cm
丛书名: 铁路职业技能鉴定参考丛书
单 册:
中图分类: U294.1
科图分类:
主题词: 铁路运输--货物运输--检查--考核--习题 , 铁路运输 , 货物运输
电子资源:
ISBN: 978-7-113-07858-4
000 00961oam2 2200289 450
001 003526436
005 20070926161140.0
010    @a978-7-113-07858-4@dCNY15.00@z7-113-07858-3
100    @a20070327d2007 em y0chiy0110 ea
101 0  @achi
102    @aCN@b110000
105    @ay q 000yy
106    @ar
200 1  @a货运检查员@Ahuo yun jian cha yuan@f铁道部人才服务中心组织编写
210    @a北京@c中国铁道出版社@d2007.06
215    @a166页@d19cm
225 2  @a铁路职业技能鉴定参考丛书
330    @a本书分为三大部分,有中级货运检查员职业技能鉴定练习题522道,高级货运检查员职业技能鉴定练习题525道,规章类练习题308道,题后附有答案。
461  0 @12001 @a铁路职业技能鉴定参考丛书
606 0  @a铁路运输@x货物运输@x检查@x考核@x习题
606 0  @a铁路运输
606 0  @a货物运输
690    @aU294.1@v4
711 02 @a铁道部@9tie dao bu@b人才服务中心@4组织编写
801  0 @aCN@bNLC@c20070927
905   @aBZT@dU294.1@e1@f10
906    @dCNY15.00@n0@r1
    
    货运检查员/铁道部人才服务中心组织编写.-北京:中国铁道出版社,2007.06
    166页;19cm.-(铁路职业技能鉴定参考丛书)
    
    
    ISBN 978-7-113-07858-4:CNY15.00
    本书分为三大部分,有中级货运检查员职业技能鉴定练习题522道,高级货运检查员职业技能鉴定练习题525道,规章类练习题308道,题后附有答案。
●
相关链接 在五车中查询图书 在当当中查询图书 在豆瓣中查询图书


正题名:货运检查员     索取号:U294.1/1         预约/预借

序号 登录号 条形码 馆藏地/架位号 状态 备注
1 741790   2000741790   中心书库北库/ 北库040架A面4列7层59/ [索取号:U294.1/1] 在馆    
2 741791   2000741791   中心书库北库/ 北库040架A面4列7层80/ [索取号:U294.1/1] 在馆    
3 741792   2000741792   中心书库北库/ 北库040架A面4列7层62/ [索取号:U294.1/1] 在馆    
4 741793   2000741793   中心书库北库/ 北库040架A面4列7层81/ [索取号:U294.1/1] 在馆    
5 741794   2000741794   中心书库北库/ 北库040架A面4列7层82/ [索取号:U294.1/1] 在馆    
6 741795   2000741795   中心书库北库/ 北库040架A面4列7层74/ [索取号:U294.1/1] 在馆    
7 741796   2000741796   中心书库北库/ 北库040架A面4列7层60/ [索取号:U294.1/1] 在馆    
8 741797   2000741797   中心书库北库/ 北库040架A面4列7层86/ [索取号:U294.1/1] 在馆    
9 741798   2000741798   中心书库北库/ 北库040架A面4列7层61/ [索取号:U294.1/1] 在馆    
10 741799   2000741799   中心书库北库/ 北库040架A面4列7层79/ [索取号:U294.1/1] 在馆    
山东省滨州职业学院图书馆 欢迎您!
大连网信软件有限公司© 版权所有